[Event "Arco Christmas op 5th"]
[Site "Arco"]
[Date "2014.12.27"]
[Round "2"]
[White "Difronzo, Andrea"]
[Black "Gehrke, Rolf"]
[Result "1-0"]
[WhiteElo "2170"]
[BlackElo "2032"]
[PlyCount "107"]
[EventDate "2014.12.26"]
[EventType "swiss"]
[EventRounds "7"]
[EventCountry "ITA"]
[SourceTitle "CBM 164 Extra"]
[Source "ChessBase"]
[SourceDate "2015.03.02"]
[SourceVersion "1"]
[SourceVersionDate "2015.03.02"]
[SourceQuality "1"]

1. e4 c5 2. c3 d5 3. exd5 Qxd5 4. d4 Nc6 5. Nf3 Bf5 6. Be3 cxd4 7. Nxd4 Nxd4 8. Qxd4 Nf6 9. Na3 Qxd4 10. Bxd4 e5 11. Bxe5 Bxa3 12. bxa3 0-0-0 13. f4 Rhe8 14. Bb5 Bd7 15. Bxd7+ Nxd7 16. 0-0 Nxe5 17. fxe5 Rd7 18. Rae1 Kd8 19. Rf4 Ke7 20. Kf2 Rc8 21. Rxf7+ Kxf7 22. e6+ Ke7 23. exd7+ Kxd7 24. Rd1+ Kc6 25. Rd4 Re8 26. Rf4 Re7 27. Rf5 Kd6 28. h3 Rc7 29. Rf3 Kd5 30. Ke2 Kc4 31. Kd2 Rd7+ 32. Kc2 Re7 33. Rf4+ Kc5 34. Kd3 Kc6 35. g4 Rd7+ 36. Kc4 Re7 37. h4 Kd6 38. Rd4+ Kc6 39. Rf4 Kd6 40. Kd3 Kc6 41. Rf8 Kd6 42. Ra8 a6 43. Rd8+ Kc6 44. g5 g6 45. Rf8 Kd6 46. Kd4 Rc7 47. c4 Ke7 48. Rf4 Rc8 49. Rf6 Rc7 50. Rb6 Kd8 51. Kd5 Kc8 52. Rf6 Kd8 53. Rf8+ Ke7 54. Rh8 1-0

[Event "Hamburg-ch Seniors 21st"]
[Site "Hamburg"]
[Date "2014.11.02"]
[Round "5"]
[White "Cassens, Erhard Otto"]
[Black "Gehrke, Rolf"]
[Result "0-1"]
[WhiteElo "1630"]
[BlackElo "1954"]
[PlyCount "68"]
[EventDate "2014.10.29"]
[EventType "swiss"]
[EventRounds "9"]
[EventCountry "GER"]
[SourceTitle "EXT 2018"]
[Source "ChessBase"]
[SourceDate "2017.10.13"]
[SourceVersion "1"]
[SourceVersionDate "2017.10.13"]
[SourceQuality "1"]

1. d4 c5 2. e3 Nf6 3. Nf3 e6 4. Bd3 d5 5. b3 cxd4 6. exd4 Nc6 7. a3 h6 8. 0-0 Bd6 9. Bb2 0-0 10. Ne5 Qc7 11. f4 Ne4 12. Bxe4 dxe4 13. Nc3 f5 14. Nb5 Qd8 15. Nxd6 Qxd6 16. Nc4 Qe7 17. a4 Rd8 18. c3 b6 19. Qh5 Ba6 20. Ba3 Qc7 21. Qg6 Bxc4 22. bxc4 Qf7 23. Qxf7+ Kxf7 24. Rab1 Na5 25. Rb4 Rac8 26. c5 bxc5 27. Rb5 cxd4 28. Rxa5 d3 29. Rxa7+ Kg8 30. Bc1 d2 31. Bxd2 Rxd2 32. Rc1 e3 33. Kf1 e2+ 34. Ke1 Rcd8 0-1

[Event "Hamburg-ch Seniors 21st"]
[Site "Hamburg"]
[Date "2014.10.29"]
[Round "2"]
[White "Gehrke, Rolf"]
[Black "Oelrichs, Manfred"]
[Result "1-0"]
[WhiteElo "1954"]
[BlackElo "1596"]
[PlyCount "43"]
[EventDate "2014.10.29"]
[EventType "swiss"]
[EventRounds "9"]
[EventCountry "GER"]
[SourceTitle "EXT 2018"]
[Source "ChessBase"]
[SourceDate "2017.10.13"]
[SourceVersion "1"]
[SourceVersionDate "2017.10.13"]
[SourceQuality "1"]

1. d4 g6 2. Nf3 Bg7 3. g3 Nf6 4. Bg2 c5 5. 0-0 cxd4 6. Nxd4 Nc6 7. c4 0-0 8. Nc3 e5 9. Ndb5 a6 10. Nd6 Ne8 11. Nce4 Nxd6 12. Nxd6 Rb8 13. b3 b5 14. Ba3 b4 15. Bb2 Qb6 16. e3 Nd8 17. Nxc8 Rxc8 18. Qxd7 Rc7 19. Qd2 Ne6 20. Rfd1 Rcc8 21. Qd6 Rc6 22. Qxc6 1-0

[Event "Hamburg Seniors-ch 20th"]
[Site "Hamburg"]
[Date "2013.11.06"]
[Round "8"]
[White "Gehrke, Rolf"]
[Black "Schuett, Ingo"]
[Result "1-0"]
[WhiteElo "1942"]
[BlackElo "1600"]
[PlyCount "33"]
[EventDate "2013.10.30"]
[EventType "swiss"]
[EventRounds "9"]
[EventCountry "GER"]
[SourceTitle "EXT 2015"]
[Source "ChessBase"]
[SourceDate "2014.11.20"]
[SourceVersion "1"]
[SourceVersionDate "2014.11.20"]
[SourceQuality "1"]

1. Nf3 c5 2. g3 g6 3. Bg2 Bg7 4. 0-0 Nf6 5. d4 cxd4 6. Nxd4 Nc6 7. e4 0-0 8. Be3 a6 9. Nc3 Qc7 10. Qd2 d6 11. Rad1 Ne5 12. Bg5 Qc5 13. Bxf6 Bxf6 14. Nd5 Bg7 15. Nb3 Nc4 16. Qe2 Qa7 17. Qxc4 1-0

[Event "Hamburg Seniors-ch 20th"]
[Site "Hamburg"]
[Date "2013.10.30"]
[Round "1"]
[White "Berking, Bernhard"]
[Black "Gehrke, Rolf"]
[Result "0-1"]
[WhiteElo "1462"]
[BlackElo "1942"]
[PlyCount "58"]
[EventDate "2013.10.30"]
[EventType "swiss"]
[EventRounds "9"]
[EventCountry "GER"]
[SourceTitle "EXT 2015"]
[Source "ChessBase"]
[SourceDate "2014.11.20"]
[SourceVersion "1"]
[SourceVersionDate "2014.11.20"]
[SourceQuality "1"]

1. c4 Nf6 2. Nc3 g6 3. g3 Bg7 4. Bg2 0-0 5. Nf3 d6 6. 0-0 e5 7. d3 h6 8. Bd2 Be6 9. Qc1 Kh7 10. a3 c6 11. Ne1 d5 12. cxd5 cxd5 13. e3 Nc6 14. Nc2 Na5 15. Qe1 Nb3 16. Rb1 Rc8 17. Na1 d4 18. Ne4 Nxe4 19. Bxe4 f5 20. Bxb7 Rb8 21. Ba6 Nxa1 22. Rxa1 Rxb2 23. Bb4 dxe3 24. Qxe3 Rf7 25. Rac1 f4 26. gxf4 Rxf4 27. h3 Bd5 28. Bc3 Rf3 29. Qe1 Rxh3 0-1

[Event "Arco Christmas op 3rd"]
[Site "Arco"]
[Date "2012.12.29"]
[Round "5"]
[White "Tonina, Filippo"]
[Black "Gehrke, Rolf"]
[Result "1/2-1/2"]
[WhiteElo "1755"]
[BlackElo "2064"]
[PlyCount "86"]
[EventDate "2012.12.26"]
[EventType "swiss"]
[EventRounds "7"]
[EventCountry "ITA"]
[SourceTitle "CBM 152 Extra"]
[Source "ChessBase"]
[SourceDate "2013.02.25"]
[SourceVersion "1"]
[SourceVersionDate "2013.02.25"]
[SourceQuality "1"]

1. c4 c5 2. g3 g6 3. Bg2 Bg7 4. Nc3 Nc6 5. d3 Nf6 6. e4 0-0 7. Nge2 d6 8. 0-0 Ne8 9. f4 Nd4 10. Nxd4 Bxd4+ 11. Kh1 Rb8 12. f5 e6 13. g4 Qh4 14. h3 Ng7 15. fxg6 hxg6 16. Qe1 Qxe1 17. Rxe1 a6 18. Bf4 Be5 19. Be3 b5 20. cxb5 axb5 21. Rab1 b4 22. Ne2 Ra8 23. d4 cxd4 24. Nxd4 Rxa2 25. Nc6 b3 26. Nxe5 dxe5 27. Bc5 Rd8 28. Ba3 Ba6 29. Re3 Rd4 30. Rxb3 f5 31. Re3 f4 32. Rc3 Ne8 33. g5 Be2 34. Re1 Bd1 35. Bf3 Bxf3+ 36. Rxf3 Nd6 37. Rb3 Nxe4 38. Rb8+ Kf7 39. Rb7+ Kg8 40. Rb8+ Kf7 41. Rb7+ Kg8 42. Rb8+ Kf7 43. Rb7+ Kg8 1/2-1/2

[Event "Arco Christmas op 3rd"]
[Site "Arco"]
[Date "2012.12.27"]
[Round "3"]
[White "De Santis, Alessio"]
[Black "Gehrke, Rolf"]
[Result "1-0"]
[WhiteElo "2281"]
[BlackElo "2064"]
[PlyCount "75"]
[EventDate "2012.12.26"]
[EventType "swiss"]
[EventRounds "7"]
[EventCountry "ITA"]
[SourceTitle "CBM 152 Extra"]
[Source "ChessBase"]
[SourceDate "2013.02.25"]
[SourceVersion "1"]
[SourceVersionDate "2013.02.25"]
[SourceQuality "1"]

1. b3 d6 2. Bb2 Nd7 3. g3 Ngf6 4. Bg2 g6 5. e4 Bg7 6. Ne2 0-0 7. 0-0 Ne8 8. Bxg7 Nxg7 9. d4 e6 10. c4 c6 11. Nbc3 f5 12. Qd2 Qe7 13. Rae1 e5 14. b4 f4 15. gxf4 exf4 16. f3 Nb6 17. Qd3 Nh5 18. c5 Nd7 19. Qc4+ Kg7 20. cxd6 Qxd6 21. e5 Qe7 22. Ne4 Nb6 23. Qc5 Qh4 24. N2c3 Be6 25. b5 cxb5 26. d5 Rac8 27. Qxb5 Bd7 28. Qb2 Nc4 29. Qxb7 Rf7 30. Qxa7 Bf5 31. Qd4 Kh6 32. e6 Rg7 33. Nb5 Ne3 34. Rxe3 fxe3 35. Qxe3+ Nf4 36. Qd2 Bxe4 37. fxe4 g5 38. Nd6 1-0

[Event "Hamburg Seniors op 19th"]
[Site "Hamburg"]
[Date "2012.10.30"]
[Round "7"]
[White "Gerigk, Wolf"]
[Black "Gehrke, Rolf"]
[Result "0-1"]
[WhiteElo "1998"]
[BlackElo "1986"]
[PlyCount "42"]
[EventDate "2012.10.24"]
[EventType "swiss"]
[EventRounds "9"]
[EventCountry "GER"]
[SourceTitle "EXT 2015"]
[Source "ChessBase"]
[SourceDate "2014.11.20"]
[SourceVersion "1"]
[SourceVersionDate "2014.11.20"]
[SourceQuality "1"]

1. g3 d5 2. Bg2 e5 3. d3 Nf6 4. e3 Nc6 5. Ne2 Bg4 6. h3 Be6 7. d4 e4 8. Bd2 Bd6 9. Nbc3 a6 10. Nf4 Bxf4 11. gxf4 Qd7 12. Ne2 h5 13. b4 Ne7 14. Nc1 Ng6 15. Qe2 Nh4 16. Bf1 Nf3+ 17. Kd1 Rh6 18. Nb3 b6 19. Bg2 Nh4 20. f3 Rg6 21. Rh2 Nxg2 0-1

[Event "Hamburg Seniors op 19th"]
[Site "Hamburg"]
[Date "2012.10.26"]
[Round "3"]
[White "Schulz, Wolfgang"]
[Black "Gehrke, Rolf"]
[Result "0-1"]
[WhiteElo "1924"]
[BlackElo "1986"]
[PlyCount "70"]
[EventDate "2012.10.24"]
[EventType "swiss"]
[EventRounds "9"]
[EventCountry "GER"]
[SourceTitle "EXT 2015"]
[Source "ChessBase"]
[SourceDate "2014.11.20"]
[SourceVersion "1"]
[SourceVersionDate "2014.11.20"]
[SourceQuality "1"]

1. e4 c5 2. Nf3 Nc6 3. Bb5 g6 4. 0-0 Bg7 5. Bxc6 dxc6 6. d3 Nf6 7. h3 0-0 8. Nc3 Ne8 9. Be3 b6 10. Qd2 e5 11. Bh6 Qf6 12. Bxg7 Nxg7 13. Nh2 Nh5 14. Ng4 Bxg4 15. hxg4 Nf4 16. g3 Ne6 17. Kg2 Rad8 18. Qh6 Qe7 19. f4 exf4 20. gxf4 f5 21. exf5 gxf5 22. Rae1 Rf6 23. Qh4 Qf8 24. gxf5 Nd4 25. Ne4 Rxf5 26. Ng5 Qg7 27. Kh1 Rf6 28. Nh3 Nf5 29. Qf2 Ng3+ 30. Kh2 Nxf1+ 31. Rxf1 Kh8 32. Qh4 Re8 33. Qh5 Rg6 34. Rf2 Re3 35. Qf5 Rxh3+ 0-1

[Event "Hamburg-ch Seniors 18th"]
[Site "Hamburg"]
[Date "2011.10.31"]
[Round "3"]
[White "Gehrke, Rolf"]
[Black "Raedisch, Peter"]
[Result "1-0"]
[WhiteElo "2087"]
[BlackElo "1757"]
[PlyCount "71"]
[EventDate "2011.10.29"]
[EventType "swiss"]
[EventRounds "9"]
[EventCountry "GER"]
[SourceTitle "EXT 2015"]
[Source "ChessBase"]
[SourceDate "2014.11.20"]
[SourceVersion "1"]
[SourceVersionDate "2014.11.20"]
[SourceQuality "1"]

1. Nf3 Nc6 2. d4 d5 3. c4 Nf6 4. cxd5 Nxd5 5. e4 Nb6 6. d5 Nb8 7. Nc3 e6 8. Bf4 exd5 9. exd5 Bd6 10. Bb5+ Bd7 11. Bxd6 cxd6 12. 0-0 0-0 13. Bd3 f5 14. Qb3 Na6 15. Bxa6 bxa6 16. Nd4 Kh8 17. Qb4 Qf6 18. Rad1 Rab8 19. Qa5 Nc4 20. Qc7 Ne5 21. f4 Ng4 22. Qxd7 Ne3 23. Qe6 Nxf1 24. Qxf6 Rxf6 25. Rxf1 Rxb2 26. Re1 h5 27. Nf3 Rc2 28. Ng5 Rf8 29. Ne2 Re8 30. Ne6 Rxa2 31. N2d4 g6 32. Rb1 Rc8 33. h3 Rc3 34. Rb8+ Kh7 35. Ng5+ Kg7 36. Nde6+ 1-0

[Event "Hamburg-ch Seniors 18th"]
[Site "Hamburg"]
[Date "2011.10.30"]
[Round "2"]
[White "Seemann, Hans Siegfried"]
[Black "Gehrke, Rolf"]
[Result "1/2-1/2"]
[WhiteElo "1786"]
[BlackElo "2087"]
[PlyCount "61"]
[EventDate "2011.10.29"]
[EventType "swiss"]
[EventRounds "9"]
[EventCountry "GER"]
[SourceTitle "EXT 2015"]
[Source "ChessBase"]
[SourceDate "2014.11.20"]
[SourceVersion "1"]
[SourceVersionDate "2014.11.20"]
[SourceQuality "1"]

1. e4 g6 2. d4 Bg7 3. Nc3 c5 4. Nf3 cxd4 5. Nxd4 Nc6 6. Be3 Nf6 7. Be2 0-0 8. Qd2 d5 9. Nxc6 bxc6 10. exd5 Nxd5 11. Nxd5 cxd5 12. c3 Qc7 13. 0-0 Rd8 14. Rac1 Qa5 15. a3 Bb7 16. Rfd1 Bc6 17. Bd3 Rab8 18. Qe2 d4 19. cxd4 Qd5 20. f3 Ba4 21. Re1 Bxd4 22. Bc4 Qe5 23. Qf2 e6 24. b4 Bxe3 25. Qxe3 Qxe3+ 26. Rxe3 Rd2 27. Bb3 Bxb3 28. Rxb3 Rbd8 29. Rbc3 Kg7 30. R1c2 Rxc2 31. Rxc2 1/2-1/2

[Event "Hamburg-ch Seniors op 16th"]
[Site "Hamburg"]
[Date "2009.11.06"]
[Round "7"]
[White "Gehrke, Rolf"]
[Black "Ristic, Sreten"]
[Result "1-0"]
[WhiteElo "1964"]
[BlackElo "1800"]
[PlyCount "111"]
[EventDate "2009.10.31"]
[EventType "swiss"]
[EventRounds "9"]
[EventCountry "GER"]
[SourceTitle "EXT 2022"]
[Source "ChessBase"]
[SourceDate "2021.10.06"]
[SourceVersion "1"]
[SourceVersionDate "2021.10.06"]
[SourceQuality "1"]

1. Nf3 Nf6 2. c4 c6 3. g3 d6 4. Bg2 e5 5. 0-0 Be7 6. Nc3 Be6 7. b3 Qc7 8. d4 Nbd7 9. e4 Bg4 10. d5 0-0 11. Be3 c5 12. Qc2 a6 13. Nd2 Nb6 14. h3 Bc8 15. Ne2 Ne8 16. g4 g6 17. Ng3 Ng7 18. Bh6 Qd8 19. Nf3 Bd7 20. Qd2 f6 21. Kh2 Rf7 22. Rg1 Bf8 23. Bf1 Nc8 24. Bd3 Ne7 25. Raf1 Qc8 26. Nh4 b5 27. f4 exf4 28. Qxf4 Ne8 29. Bxf8 Kxf8 30. Qh6+ Kg8 31. Rf2 bxc4 32. bxc4 Rb8 33. Rgf1 Rb4 34. g5 Bxh3 35. Nxg6 Nxg6 36. Qxh3 Qxh3+ 37. Kxh3 Ne5 38. Be2 Rb2 39. Bh5 Rxf2 40. Bxf7+ Nxf7 41. Rxf2 Nxg5+ 42. Kg4 Kf7 43. Rb2 Kg6 44. Rb6 a5 45. Ra6 Nf7 46. Rxa5 Ne5+ 47. Kf4 Nxc4 48. Ra7 Ng7 49. a4 h5 50. Nf5 Nxf5 51. exf5+ Kh6 52. a5 h4 53. a6 Nb6 54. Rb7 Nxd5+ 55. Ke4 Nc3+ 56. Kd3 1-0

[Event "Hamburg-ch Seniors op 16th"]
[Site "Hamburg"]
[Date "2009.11.01"]
[Round "2"]
[White "Friederichs, Johann"]
[Black "Gehrke, Rolf"]
[Result "0-1"]
[WhiteElo "1746"]
[BlackElo "1964"]
[PlyCount "72"]
[EventDate "2009.10.31"]
[EventType "swiss"]
[EventRounds "9"]
[EventCountry "GER"]
[SourceTitle "EXT 2022"]
[Source "ChessBase"]
[SourceDate "2021.10.06"]
[SourceVersion "1"]
[SourceVersionDate "2021.10.06"]
[SourceQuality "1"]

1. d4 c5 2. d5 f5 3. c4 Nf6 4. Nc3 g6 5. Nf3 Bg7 6. Qc2 d6 7. Bg5 Nbd7 8. Rd1 Ne4 9. Nxe4 fxe4 10. Qxe4 Bxb2 11. Bd2 Bg7 12. Qc2 0-0 13. Bc3 Ne5 14. Nxe5 dxe5 15. e4 Bd7 16. Be2 a6 17. 0-0 b5 18. Qb2 Qc7 19. f4 b4 20. Bxe5 Bxe5 21. fxe5 Rad8 22. e6 Ba4 23. Rxf8+ Rxf8 24. Rf1 Rxf1+ 25. Bxf1 Qf4 26. Bd3 Be8 27. Qf2 Qc7 28. e5 Qxe5 29. Qxc5 a5 30. Bf1 a4 31. Qxe7 Qd4+ 32. Kh1 b3 33. Qxe8+ Kg7 34. Qf7+ Kh6 35. Qf8+ Kg5 36. axb3 axb3 0-1

[Event "Hamburg-ch Seniors op 15th"]
[Site "Hamburg"]
[Date "2008.10.27"]
[Round "1"]
[White "Bartlitz, Heinz"]
[Black "Gehrke, Rolf"]
[Result "0-1"]
[WhiteElo "1484"]
[BlackElo "1973"]
[PlyCount "166"]
[EventDate "2008.10.27"]
[EventType "swiss"]
[EventRounds "9"]
[EventCountry "GER"]
[SourceTitle "EXT 2022"]
[Source "ChessBase"]
[SourceDate "2021.10.06"]
[SourceVersion "1"]
[SourceVersionDate "2021.10.06"]
[SourceQuality "1"]

1. e4 c5 2. Nc3 Nc6 3. g3 g6 4. Bg2 Bg7 5. d3 d6 6. Be3 Nf6 7. Nge2 0-0 8. h3 Ne8 9. 0-0 Nc7 10. Qd2 Nd4 11. Nd1 d5 12. c3 Nxe2+ 13. Qxe2 d4 14. Bd2 e5 15. f4 f5 16. Nf2 exf4 17. gxf4 fxe4 18. Nxe4 Qe7 19. Rae1 Bf5 20. c4 Rae8 21. Qf2 b6 22. Ng5 Qd7 23. Ne4 Bxh3 24. Bxh3 Qxh3 25. Qe2 Rf5 26. Rf3 Qh4 27. Kg2 Rh5 28. Rg3 Ne6 29. Qf3 Rf8 30. Rh3 Qxh3+ 31. Qxh3 Rxh3 32. Kxh3 Nxf4+ 33. Bxf4 Rxf4 34. Kg2 Rf5 35. Nd6 Re5 36. Ne4 Kf8 37. a3 Ke7 38. b4 Kd7 39. bxc5 bxc5 40. Rb1 Kc7 41. a4 Bf8 42. a5 Re6 43. Rb5 a6 44. Rb1 Be7 45. Rf1 h6 46. Rf7 Kc6 47. Rh7 Bd8 48. Ra7 Bxa5 49. Rxa6+ Bb6 50. Ra8 g5 51. Rg8 Bc7 52. Kf3 Bd6 53. Kg4 Kd7 54. Rg7+ Kd8 55. Rg8+ Ke7 56. Rg7+ Kf8 57. Rd7 Be7 58. Rd5 Rc6 59. Kh5 Kf7 60. Rf5+ Ke6 61. Rd5 Kf7 62. Rf5+ Kg7 63. Re5 Bf8 64. Rd5 Kf7 65. Rf5+ Ke8 66. Nf6+ Kd8 67. Ne4 Be7 68. Rd5+ Kc8 69. Rf5 Kd7 70. Rd5+ Kc7 71. Rf5 Kb6 72. Rf7 Re6 73. Rf5 Ka5 74. Nxc5 Bxc5 75. Rxc5+ Kb4 76. Rd5 Kc3 77. c5 Kxd3 78. Rd6 Re5 79. c6 Rc5 80. Rxh6 Kc2 81. Kg4 d3 82. Rh2+ d2 83. Kf3 Kc1 0-1

[Event "Hamburg-ch Seniors op 13th"]
[Site "Hamburg"]
[Date "2006.11.02"]
[Round "7"]
[White "Gehrke, Rolf"]
[Black "Krebs, Dietmar"]
[Result "1-0"]
[WhiteElo "1976"]
[BlackElo "1927"]
[PlyCount "83"]
[EventDate "2006.10.27"]
[EventType "swiss"]
[EventRounds "9"]
[EventCountry "GER"]
[SourceTitle "EXT 2022"]
[Source "ChessBase"]
[SourceDate "2021.10.06"]
[SourceVersion "1"]
[SourceVersionDate "2021.10.06"]
[SourceQuality "1"]

1. Nf3 g6 2. d4 Bg7 3. c4 d6 4. g3 Nd7 5. Bg2 e5 6. e4 Ngf6 7. Nc3 0-0 8. 0-0 c6 9. d5 cxd5 10. cxd5 Nc5 11. Qc2 a5 12. Ne1 Ne8 13. Nd3 Nxd3 14. Qxd3 f5 15. f3 b6 16. a4 Ba6 17. Nb5 Nc7 18. Ra3 Rc8 19. Be3 Rb8 20. Rc1 Rf7 21. Rac3 Nxb5 22. axb5 Bc8 23. Rc6 Bd7 24. Rxd6 Bf8 25. Rdc6 Bxc6 26. Rxc6 fxe4 27. Qxe4 Bd6 28. Bh3 Rc7 29. Be6+ Kg7 30. h4 Rxc6 31. bxc6 h5 32. Bg5 Qc7 33. Kg2 Re8 34. Bd7 Rf8 35. g4 hxg4 36. Qxg4 Bc5 37. h5 Qd6 38. Qe6 Rf5 39. Bd8 e4 40. Qxd6 exf3+ 41. Kf1 Bxd6 42. Bxf5 1-0

[Event "Hamburg-ch Seniors op 13th"]
[Site "Hamburg"]
[Date "2006.10.28"]
[Round "2"]
[White "Gehrke, Rolf"]
[Black "Keuneke, Hanno"]
[Result "1-0"]
[WhiteElo "1976"]
[BlackElo "1738"]
[PlyCount "49"]
[EventDate "2006.10.27"]
[EventType "swiss"]
[EventRounds "9"]
[EventCountry "GER"]
[SourceTitle "EXT 2022"]
[Source "ChessBase"]
[SourceDate "2021.10.06"]
[SourceVersion "1"]
[SourceVersionDate "2021.10.06"]
[SourceQuality "1"]

1. d4 Nf6 2. Nf3 g6 3. g3 Bg7 4. Bg2 0-0 5. 0-0 d6 6. c4 Nbd7 7. Nc3 e5 8. e4 c6 9. Be3 Ng4 10. Bg5 f6 11. Bc1 exd4 12. Nxd4 Nc5 13. h3 Ne5 14. b3 Ned3 15. Be3 f5 16. exf5 Bxf5 17. Nce2 Nb2 18. Qd2 Nbd3 19. b4 Na6 20. Nxf5 Bxa1 21. Nh6+ Kg7 22. Rxa1 Ne5 23. Bg5 Qd7 24. f4 Qxh3 25. fxe5 1-0

[Event "Hamburg Junge op"]
[Site "Hamburg"]
[Date "2005.10.02"]
[Round "2"]
[White "Zaragatski, Ilja"]
[Black "Gehrke, Rolf"]
[Result "1-0"]
[WhiteElo "2376"]
[BlackElo "2057"]
[PlyCount "53"]
[EventDate "2005.10.01"]
[EventType "swiss"]
[EventRounds "9"]
[EventCountry "GER"]
[SourceTitle "CBM 108 Extra"]
[Source "ChessBase"]
[SourceDate "2005.11.04"]
[SourceVersion "1"]
[SourceVersionDate "2005.11.04"]
[SourceQuality "1"]

1. e4 c5 2. Nf3 Nc6 3. d4 cxd4 4. Nxd4 g6 5. Nb3 Nf6 6. Nc3 Bg7 7. Bc4 0-0 8. 0-0 a6 9. Re1 b5 10. Bf1 d6 11. Nd5 Ne5 12. c3 Nc4 13. a4 Nxd5 14. exd5 Bb7 15. axb5 axb5 16. Rxa8 Qxa8 17. Rxe7 Bxd5 18. Nd4 Rb8 19. b3 Ne5 20. Nxb5 Bb7 21. Nxd6 Rd8 22. Bf4 Bf8 23. Rxe5 Bxd6 24. Bg5 Rd7 25. Bb5 Bc6 26. Bxc6 Bxe5 27. Bxd7 1-0